The noble scholar, jurist, historian


 His Excellency Dr. Abdul Wahhab bin Ibrahim Abu Sulaiman, may Allah have mercy on him.


 He was born in Umm Al-Qura in the year 1356 AH.

قراءة أخرى في دفتر قديم من أمالي العلامة أبي فهر محمود محمد شاكر على كتاب الكامل للمبرد / (Record no. 9848)

MARC details
000 -LEADER
fixed length control field 01666cam a22003251i 4500
003 - CONTROL NUMBER IDENTIFIER
control field SA-RiAUC
005 - DATE AND TIME OF LATEST TRANSACTION
control field 20250713065144.0
008 - FIXED-LENGTH DATA ELEMENTS--GENERAL INFORMATION
fixed length control field 250712s2012 ku g b f00010dara c
040 ## - CATALOGING SOURCE
Original cataloging agency SA-JeALM
Language of cataloging ara
Transcribing agency SA-RiAUC
Description conventions rda
082 04 - DEWEY DECIMAL CLASSIFICATION NUMBER
Classification number 810.95
Assigning agency SA-RiAUC
090 ## - LOCALLY ASSIGNED LC-TYPE CALL NUMBER (OCLC); LOCAL CALL NUMBER (RLIN)
Classification number (OCLC) (R) ; Classification number, CALL (RLIN) (NR) 810.95
Local cutter number (OCLC) ; Book number/undivided call number, CALL (RLIN) ش ا ك
100 1# - MAIN ENTRY--PERSONAL NAME
Personal name شاكر، محمود محمد،
Dates associated with a name 1909-1997
Relator term مؤلف.
245 10 - TITLE STATEMENT
Title قراءة أخرى في دفتر قديم من أمالي العلامة أبي فهر محمود محمد شاكر على كتاب الكامل للمبرد /
Statement of responsibility, etc. تقديم يعقوب يوسف الغنيم.
250 ## - EDITION STATEMENT
Edition statement الطبعة الثالثة.
264 #1 - PRODUCTION, PUBLICATION, DISTRIBUTION, MANUFACTURE, AND COPYRIGHT NOTICE
Place of production, publication, distribution, manufacture الكويت :
Name of producer, publisher, distributor, manufacturer وزارة الاوقاف والشؤون الاسلامية،
Date of production, publication, distribution, manufacture, or copyright notice 2013
300 ## - PHYSICAL DESCRIPTION
Extent 150 صفحة ؛
Dimensions 24 سم.
336 ## - CONTENT TYPE
Content type term نص
Content type code txt
Source rdacontent
Materials specified كتاب
337 ## - MEDIA TYPE
Media type term بدون وسيط
Media type code n
Source rdamedia
338 ## - CARRIER TYPE
Carrier type term مجلد
Carrier type code nc
Source rdacarrier
490 1# - SERIES STATEMENT
Series statement الوعي الإسلامي ؛
Volume/sequential designation 69
504 ## - BIBLIOGRAPHY, ETC. NOTE
Bibliography, etc. note ببليوجرافية : صفحة 140-144.
600 17 - SUBJECT ADDED ENTRY--PERSONAL NAME
Personal name المبرد، محمد بن يزيد بن عبد الأكبر،
Dates associated with a name 210-286 هجري
General subdivision نقد وتفسير
Source of heading or term aucnm
650 #7 - SUBJECT ADDED ENTRY--TOPICAL TERM
Topical term or geographic name entry element الأدب العربي
General subdivision تاريخ ونقد
Chronological subdivision العصر العباسي الثاني
Source of heading or term aucsh
700 1# - ADDED ENTRY--PERSONAL NAME
Personal name الغنيم، يعقوب يوسف،
Dates associated with a name 1939-
Relator term مقدم.
700 12 - ADDED ENTRY--PERSONAL NAME
Personal name المبرد، محمد بن يزيد بن عبد الأكبر،
Dates associated with a name 210-286 هجري
740 22 - ADDED ENTRY--UNCONTROLLED RELATED/ANALYTICAL TITLE
Uncontrolled related/analytical title الكامل في اللغة والأدب.
830 #2 - SERIES ADDED ENTRY--UNIFORM TITLE
Uniform title الوعي الإسلامي / وزارة الأوقاف والشؤون الإسلامية. الكويت
Volume/sequential designation 69
942 ## - ADDED ENTRY ELEMENTS (KOHA)
Source of classification or shelving scheme Dewey Decimal Classification
Koha item type Books
Suppress in OPAC No
949 ## - LOCAL PROCESSING INFORMATION (OCLC)
a SA-JeALM
d 250712
u osman123
n 1
Holdings
Withdrawn status Lost status Source of classification or shelving scheme Damaged status Not for loan Home library Current library Date acquired Total checkouts Full call number Barcode Date last seen Price effective from Koha item type
    Dewey Decimal Classification     DR AbdElwahab Library DR AbdElwahab Library 07/13/2025   810.95 ش ا ك 000015984 07/13/2025 07/13/2025 Books